|
|
|
|
| LEADER |
00000nab a2200000 a 4500 |
| 001 |
vtls010075403 |
| 003 |
SK-MaSNL |
| 005 |
20260304184156.0 |
| 008 |
250708c2008 xo |r|||||||||000 b|slo |
| 015 |
|
|
|a SNBRB2010/03
|2 snkbucl
|
| 035 |
|
|
|a (uuid)e9cb6cc5-c16f-4223-85fd-0c06725d3698
|
| 035 |
|
|
|a urn:nbn:sk:snk-abf5oo
|
| 035 |
|
|
|a (urnnbn)urn:nbn:sk:snk:ar-a09p89
|
| 038 |
|
|
|a SNKBUCL
|
| 040 |
|
|
|a SNKBUCL
|b slo
|c SNKBUCL
|e AACR2
|
| 041 |
0 |
|
|a cze
|b eng
|
| 044 |
|
|
|a xo
|c SK
|
| 080 |
|
|
|a 244.82
|x (520)
|x "11/12"
|2 2001
|
| 100 |
1 |
|
|a Vrba, Petr
|4 aut
|9 1517281
|
| 245 |
1 |
0 |
|a Šinranova reformulace buddhistické praxe
|c Petr Vrba
|
| 504 |
|
|
|a Bibliogr. odkazy v poznámkach
|
| 504 |
|
|
|a Literatúra
|
| 546 |
|
|
|a Res. angl.
|
| 600 |
0 |
7 |
|a Šinran,
|d 1173-1262
|x budhistické učenie
|2 snkbucl
|9 1517282
|
| 648 |
|
7 |
|a 12.-13. stor.
|2 snkbucl
|9 319326
|
| 650 |
0 |
7 |
|a budhizmus
|2 snkbucl
|9 1819
|
| 650 |
0 |
7 |
|a šin-budhizmus
|2 snkbucl
|9 1517283
|
| 650 |
0 |
7 |
|a Pravá škola Čistej zeme
|x budhistické učenie
|2 snkbucl
|9 1517284
|
| 650 |
0 |
7 |
|a budhistické školy
|2 snkbucl
|9 1517285
|
| 651 |
|
7 |
|a Japonsko
|2 snkbucl
|9 16392
|
| 655 |
|
7 |
|a štúdie
|2 snkbucl
|9 57033
|
| 773 |
0 |
|
|t Studia orientalia Slovaca
|g Roč. VII (2008), s. 223-246
|x 1336-3786
|
| 850 |
|
|
|a Slovenská národná knižnica
|
| 852 |
|
|
|a Slovenská národná knižnica
|
| 958 |
|
|
|a article27
|
| 958 |
|
|
|a NB
|
| 958 |
|
|
|a JP
|
| 958 |
|
|
|a NT
|
| 958 |
|
|
|a OND
|
| 958 |
|
|
|a EUIPO
|
| 999 |
|
|
|c 3036921
|d 3038851
|